000 00542nam a2200169Ia 4500
003 GCL
008 140319s9999 xx 000 0 ara d
040 _aGCL /
_cGCL
082 0 4 _aد
_b050
100 1 _aمحمد فيصل عبدالمنعم
245 1 0 _aفلسطين قلب العروبة (اقرا 295 ) /
_cمحمد فيصل عبدالمنعم
300 _a126
490 _aاقرأ
_v0
650 0 4 _aفلسطين
650 0 4 _aفلسطين - تاريخ - العصر الحديث - الاحتلال الصهيونى
942 _2ddc
_cBK
999 _c48686
_d48686